Programa recreativo / (Record no. 47886)

MARC details
000 -CABECERA
campo de control de longitud fija 00641nam a2200181 a 4500
005 - FECHA Y HORA DE LA ÚLTIMA TRANSACCIÓN
campo de control 20220820063437.0
008 - ELEMENTOS DE LONGITUD FIJA--INFORMACIÓN GENERAL
campo de control de longitud fija 991125n1991 mx 000 0 spa u
035 ## - NÚMERO DE CONTROL DEL SISTEMA
Número de control de sistema UPN01000047886
049 ## - COLECCIÓN
Colección SEP
050 #4 - SIGNATURA TOPOGRÁFICA DE LA BIBLIOTECA DEL CONGRESO
Número de clasificación L227 D311
Número de documento/Ítem B267
245 00 - MENCIÓN DE TÍTULO
Título Programa recreativo /
Mención de responsabilidad, etc. Subsecretaría de Educación Elemental ; responsable Lourdes O. Rodríguez Andión.
260 ## - PUBLICACIÓN, DISTRIBUCIÓN, ETC.
Lugar de publicación, distribución, etc. México :
Nombre del editor, distribuidor, etc. SEP, Subsecretaría de Educación Elemental,
Fecha de publicación, distribución, etc. 1991.
300 ## - DESCRIPCIÓN FÍSICA
Extensión 96 p.
650 #7 - ASIENTO SECUNDARIO DE MATERIA - TERMINO TEMATICO
Término de materia o nombre geográfico como elemento de entrada Actividades recreativas
Fuente del encabezamiento o término
9 (RLIN) 147
700 1# - ASIENTO SECUNDARIO--NOMBRE DE PERSONAL
Nombre de persona Rodríguez Andión, Lourdes O.,
Término indicativo de función/relación coord.
9 (RLIN) 29609
710 2# - ASIENTO SECUNDARIO - NOMBRE CORPORATIVO
Nombre de entidad corporativa o nombre de jurisdicción como elemento de entrada México.
Unidad subordinada Subsecretaría de Educación Elemental
905 ## - TIPO DE MATERIAL
Tipo de material Libro
Holdings
Estado de retiro Estado de pérdida Fuente del sistema de clasificación o colocación Estado dañado No para préstamo Código de colección Localización permanente Ubicación/localización actual Ubicación en estantería Fecha de adquisición Enumeración/cronología de publicación seriada Clasificación Código de barras Fecha visto por última vez Número de copia Tipo de ítem Koha
    Library of Congress Classification   Coleccion SEP Colección SEP Bib. Gregorio Torres Quintero Bib. Gregorio Torres Quintero Colección SEP 09/05/2023 - L227 D311 B267 111349 31/12/2020 1 Libro